Proste pytania z Geografii - Statystyki

Ogólne statystyki
  • Ten quiz został rozwiązany 185 razy
  • Średni wynik to 10 z 15
Statystyki odpowiedzi
Pytanie odpowiedź % Poprawnych
Największy kraj Ameryki Południowej Brazylia
97%
Państwo, w którym odkryto COVID-19 Chiny
97%
Państwo na literę O Oman
92%
Najmniejszy kraj świata Watykan
92%
W tym kraju 3 Maja jest obchodzone święto Polska
90%
Stolica Hiszpanii Madryt
82%
Największy ocean na Ziemii Spokojny
78%
Państwo z najdłuższą linią brzegową Kanada
74%
Jedyny półwysep w Polsce Helski
73%
Państwo, w którym znajduje się góra Kościuszki Australia
68%
Najbogatszy kraj Europy Niemcy
67%
Miasto, które leży w Europie i w Azji Stambuł
61%
SKYPE został stworzony w Państwie pod nazwą Estonia
26%
Najbrzydsza flaga świata Białoruś
21%
To państwo posiada na swojej fladze Białego Orła Serbia
20%
Nie znaleziono quizów pasujących do podanych kryteriów
Rozkład punktacji
Procent ludzi z każdym wynikiem
Percentyl według liczby udzielonych odpowiedzi
Twoja historia wyników
Nie rozwiązałeś tego quizu